Nationalités de coureurs en World Tour 2022 (cyclisme) - Statistiques

Statistiques générales
  • Ce quiz a été pris 1 507 fois
    1 474 depuis la dernière actualisation
  • Le résultat moyen est 33 sur 46
Statistiques - réponses
Hint Réponse % Correct
59 France
100%
67 Belgique
98%
35 Espagne
98%
56 Italie
97%
12 États-Unis
95%
43 Pays-Bas
95%
26 Royaume-Uni
95%
34 Allemagne
92%
8 Slovénie
92%
7 Portugal
91%
24 Danemark
90%
6 Canada
88%
18 Colombie
88%
1 Russie
88%
15 Suisse
88%
10 Norvège
86%
30 Australie
85%
1 Slovaquie
84%
1 Suède
83%
8 Pologne
81%
2 Japon
80%
4 Irlande
79%
9 Autriche
77%
3 Luxembourg
76%
1 Brésil
75%
1 Finlande
75%
1 Argentine
74%
4 Équateur
70%
5 Afrique du Sud
69%
10 Nouvelle-Zélande
69%
1 Ukraine
68%
3 Érythrée
67%
3 Estonie
66%
3 Lettonie
65%
2 Hongrie
62%
1 Lituanie
62%
10 Kazakhstan
59%
3 Tchéquie
58%
1 Biélorussie
46%
3 Israël
36%
1 Éthiopie
31%
1 Émirats arabes unis
24%
1 Costa Rica
23%
1 Bahreïn
16%
1 Taïwan
15%
1 Porto Rico
7%
Aucun quiz correspondant
Distribution des résultats
% des personnes avec chaque résultat
Percentile par nombre de réponses
Votre historique - résultats
Vous n’avez pas pris ce quiz depuis la dernière actualisation